| 000 | 00948nam0a22002531 4500 | ||
|---|---|---|---|
| 001 | rc\2232020 | ||
| 005 | 20110829180943.5 | ||
| 035 | _a(NLR Aleph) 006647078 | ||
| 090 |
_a4754709 _c4754709 |
||
| 100 | _a20110829d1978 |||y0rusy50 ca | ||
| 101 | 0 | _arus | |
| 102 | _aRU | ||
| 105 | _aa z ||||| | ||
| 200 | 1 |
_aТипаж вспомогательного инструмента для станков с ЧПУ на 1979-1985 г. _e(Проект _e1 ред.) _fМ-во станкостроит. и инструм. пром-сти СССР, Всесоюз. н.-и. инструм. ин-т (ВНИИ) _gОтв. исполн. С.Л. Фалин |
|
| 210 |
_aМосква _cБ. и. _d1978 |
||
| 215 |
_a25 с. _cчерт. _d21х29 |
||
| 333 | _aДСП. Экз. № 5 | ||
| 702 | 1 |
_aФалин _bС. Л. _4570 |
|
| 801 | 0 |
_aRU _bNLR _gpsbo |
|
| 801 | 1 |
_aRU _bELAR _2rusmarc |
|
| 852 |
_aNLR _j78-50К/4862 |
||
| 899 |
_aRuMoRGB _jСХ |
||
| 942 | _cBOOK | ||
| 980 | _aNB | ||